| 000 | 00505nam a2200169Ia 4500 | ||
|---|---|---|---|
| 999 |
_c37540 _d37540 |
||
| 003 | OSt | ||
| 005 | 20211119105317.0 | ||
| 008 | 190216s9999||||xx |||||||||||||| ||und|| | ||
| 040 | _coclc | ||
| 082 |
_a947 _bSMI/S |
||
| 100 |
_aSmirnov, I I _93466 |
||
| 245 | 0 |
_aSoviet Union : _bSamkshipta Caritram Vol 1 / _cI I Smirnov |
|
| 260 |
_bKerala Bhasha Institute, _c1970. _aThiruvananthapuram: |
||
| 300 | _a492p | ||
| 650 | _aWorld History | ||
| 942 |
_cBK _2ddc _h947 _iSMI/S _k947 _mSMI/S |
||